[Event "19th Delhi GM Open 2022"]
[Site "Delhi"]
[Date "2022.03.23"]
[Round "2.4"]
[White "Anuj Shrivatri"]
[Black "Delgado Ramirez, Neuris"]
[Result "1/2-1/2"]
[WhiteElo "2350"]
[BlackElo "2615"]
[Annotator "TA"]
[PlyCount "116"]
[EventDate "2022.03.22"]
[EventType "swiss"]
[EventCountry "IND"]
[SourceTitle "playchess.com"]
[Source "ChessBase"]
[SourceQuality "1"]

{[%evp 10,116,31,21,36,27,35,14,22,10,19,8,10,16,20,0,16,0,21,31,49,37,43,39,42,44,36,52,147,152,142,144,158,156,150,140,204,200,202,109,197,196,191,194,243,145,144,123,163,167,170,81,129,9,10,8,70,65,73,56,83,94,131,134,202,18,18,0,18,18,18,18,18,3,18,3,3,3,3,3,89,59,59,59,8,8,8,8,59,59,59,59,59,59,59,59,74,81,81,8,8,8,8,8,8,0,0,0,0]} 1. d4 Nf6 2. Nf3 e6 3. c4 Bb4+ 4. Nbd2 O-O 5. a3 Be7 6. e4 d6 {[%cal Oe6e5] E11: Bogo-Indian.} 7. Be2 Nfd7 8. Nb1 e5 9. Nc3 exd4 $1 10. Nxd4 Nc6 11. Be3 Bf6 12. f4 {[#]} Nxd4 $146 ({Predecessor:} 12... Re8 13. O-O Nxd4 14. Bxd4 b6 15. Bxf6 Qxf6 16. Nd5 Qd8 17. Qc2 Bb7 18. Rad1 a5 {½-½ (50) Nguyen,T (2548)-McShane,L (2675) Germany 2019}) 13. Bxd4 Nc5 14. e5 Bh4+ 15. g3 {Hoping for exd6.} Be7 16. Bxc5 dxc5 17. Qc2 c6 18. Bd3 $36 {[%mdl 2048] Threatens to win with 0-0-0. White is more active.} f5 (18... g6 $14) 19. exf6 $1 $16 Bxf6 20. O-O-O $1 {Active counter play!} (20. Bxh7+ $6 Kh8 $16) 20... Bd4 21. Bxh7+ Kh8 22. h3 {Prevents Bg4.} b5 (22... Qf6 $16) 23. cxb5 Rb8 24. Ne2 (24. Rhe1 $18) 24... Be6 (24... Rxb5 $16 25. Nxd4 cxd4) 25. Nxd4 $18 cxd4 26. Rhe1 (26. Qxc6 $2 Rc8 27. Be4 Bd5 28. Bxd5 Qxd5 $19) 26... Qd6 {[#]} (26... Rf6 {was called for.}) 27. Bd3 (27. Qxc6 $2 Rfc8 28. Be4 Rxc6+ 29. Bxc6 d3 $19) (27. bxc6 Bb3 28. Qd3 (28. c7 $2 Bxc2 29. cxb8=R Bxh7 $19) 28... Bxd1 29. Rxd1 Qxc6+ 30. Kb1 Qc3 $15) (27. Rxe6 $1 $18 Qxe6 28. bxc6) 27... cxb5 $16 28. Qe2 {[%csl LRb5,LRe6] Intending Qh5+ and mate.} Bf7 {To avoid Qh5+} 29. Qe4 {[%csl Gd3][%cal Re4h7]} Qh6 {Inhibits Qh7+.} 30. Qe7 (30. Kb1 $18 {and White stays clearly on top.}) 30... Kg8 {[#]} (30... Bb3 $142) 31. Re5 (31. Qxa7 Qc6+ 32. Kd2 (32. Kb1 Qd5 $17) 32... Qd5 $14) (31. Kb1 $1 $16) 31... Rbe8 $11 32. Qg5 {Strongly threatening Qxh6.} Rxe5 (32... Qc6+ $11 33. Rc5 Qb6) 33. Qxe5 $14 Qc6+ 34. Kb1 Qf3 {[%csl LRd1,LRg3][%cal Rf3d1]} 35. Bc2 Qxg3 36. Qxd4 {Rg1 is the strong threat.} Qxh3 {[#]} (36... Re8 $16 {was necessary.} 37. Qxa7 Qxf4) 37. Qe4 $2 (37. Qxa7 $6 Qe6 38. Qd7 Qa2+ 39. Kc1 Qa1+ 40. Bb1 Ba2 $16) (37. Rg1 $1 $18 {[%csl Gg1][%cal Rd4g7]} Qh6 38. Be4 (38. Qxa7 Qxf4 39. Qd7 Qe5 $16)) 37... Re8 $11 38. Qd4 Qe3 39. Qxe3 Rxe3 {[%mdl 4096] Endgame KRB-KRB} 40. Rd8+ Re8 41. Rxe8+ Bxe8 {KB-KB} 42. Be4 a5 43. Kc2 Kf7 44. Kc3 Kf6 (44... Ke7 $11) 45. b4 axb4+ 46. Kxb4 g5 47. fxg5+ Kxg5 48. Bd3 Bh5 ({Better is} 48... Kf6 $1 $11) 49. Bxb5 Kf6 50. a4 {White wants to mate with a5.} Ke7 51. Kc5 $1 {White threatens Kb6 and mate.} ({But not} 51. a5 Kd6 $11) 51... Kd8 52. Kb6 {a5 would kill now.} ({Don't play} 52. a5 Kc7 $11) 52... Kc8 53. a5 {Threatening mate with a6.} Bf3 54. a6 (54. Bc4 $16) 54... Kb8 {The position is equal.} 55. Bd7 Bb7 56. a7+ Ka8 57. Bc6 Bxc6 58. Kxc6 Kxa7 {Weighted Error Value: White=0.20 (precise) /Black=0.20 (precise)} 1/2-1/2

[Event "19th Delhi GM Open 2022"]
[Site "Delhi"]
[Date "2022.03.23"]
[Round "2.5"]
[White "Sethuraman, S.P."]
[Black "Utsab Chatterjee"]
[Result "1-0"]
[WhiteElo "2619"]
[BlackElo "2321"]
[Annotator "TA"]
[PlyCount "71"]
[EventDate "2022.03.22"]
[EventType "swiss"]
[EventCountry "IND"]
[SourceTitle "playchess.com"]
[Source "ChessBase"]
[SourceQuality "1"]

{[%evp 22,71,70,62,66,72,88,72,95,58,75,70,103,113,192,183,177,145,265,277,259,187,261,247,414,398,358,330,862,861,816,779,893,891,1223,1206,1201,1133,1085,725,793,795,751,624,565,611,793,784,904,903,879,887]} 1. e4 c5 2. Nf3 d6 3. d4 cxd4 4. Nxd4 Nf6 5. Nc3 a6 6. Bg5 Nbd7 7. Bc4 Qa5 8. Qd2 e6 9. O-O-O b5 10. Bb3 Bb7 11. Rhe1 O-O-O 12. a3 {White is more active.} Be7 {B94: Sicilian Najdorf: 6 Bg5 Nbd7.} 13. f3 Nc5 14. Kb1 {[%cal Oc3d5]} Kb8 {White is better.} 15. Be3 {[%cal Bg5e3,Be3f2,Bf2g3][%mdl 32] [#]} h5 $146 ({Predecessor:} 15... Nfd7 16. Ba2 Qc7 17. Bf4 Ne5 18. Bg5 Bxg5 19. Qxg5 Rhg8 20. f4 Nc4 21. Qh4 Nb6 {½-½ (39) Kuzmin,K (2205)-Hnatovsky,N (2354) LSS email 2013}) 16. Ba2 Qc7 17. Bf2 Bc8 (17... h4 $16) 18. Qe3 Bd7 19. h4 g6 (19... Ka8 $16 {might work better.} 20. b4 Na4 21. Nxa4 bxa4) 20. e5 $18 Ne8 21. Bg3 Nb7 (21... Ka8 $142 22. b4 Na4 23. Nxa4 bxa4) 22. Nb3 Rc8 $2 (22... a5 23. Bf2 a4) 23. Bf2 {[%csl Gf2][%cal Re3a7] [#]} Nd8 24. exd6 Bxd6 (24... Nxd6 25. Qd3 Bc6) 25. Ne4 {White is clearly winning.} Bf4 26. Qd3 Bc6 27. Nec5 Bb7 28. Nd7+ Ka8 29. Nb6+ Kb8 30. Nxc8 Kxc8 31. Nc5 Bd6 32. Qc3 Rg8 33. Rd3 a5 34. Red1 Bc6 35. Na6 Qb7 36. Qxa5 {Black got outplayed after the opening.  Weighted Error Value: White=0.21 (precise) /Black=0.48} 1-0

[Event "19th Delhi GM Open 2022"]
[Site "Delhi"]
[Date "2022.03.23"]
[Round "2.6"]
[White "Liyanage, Ranindu Dilshan"]
[Black "Gukesh D"]
[Result "1-0"]
[WhiteElo "2340"]
[BlackElo "2614"]
[Annotator "TA"]
[PlyCount "127"]
[EventDate "2022.03.22"]
[EventType "swiss"]
[EventCountry "IND"]
[SourceTitle "playchess.com"]
[Source "ChessBase"]
[SourceQuality "1"]

{[%evp 13,127,0,22,17,33,14,26,20,28,24,39,28,20,10,37,22,37,17,27,20,38,32,67,29,33,29,31,11,40,35,87,48,57,56,104,114,99,95,112,0,0,0,0,0,0,0,0,-2,-2,-13,0,0,0,-24,0,-85,-82,-122,-118,-142,-2,-8,18,19,34,31,26,32,33,39,257,247,243,244,327,340,294,31,135,147,306,278,387,381,385,383,365,379,492,488,700,342,553,447,373,245,243,244,239,231,752,728,675,645,11460,8527,10712,5925,6018,5712,5356,5035,29962,29964,1562,593]} 1. e4 e6 2. d4 d5 3. Nc3 Bb4 4. exd5 exd5 5. Bd3 Nc6 6. Nge2 Nge7 7. a3 Ba5 (7... Bxc3+ $5 8. bxc3 Bf5 $11) 8. O-O {C01: French: Exchange Variation.} Bg4 {[%cal Oc6d4]} 9. f3 Bf5 10. Be3 {White has an edge.} O-O 11. Na4 Re8 12. Ng3 Bxd3 13. Qxd3 {[#]} Bb6 $146 (13... Nc8 {is more complex.} 14. b3 Nd6 15. c3 Bb6 16. Bd2 Qf6) ({Predecessor:} 13... Nc8 14. b3 Nd6 15. Bf2 Ne7 16. c4 c6 17. c5 Nb5 18. b4 Bc7 19. Nb2 Bf4 {½-½ (51) Dubov,D (2614)-Spence,D (2218) Caleta 2014}) 14. Rfe1 Qd7 15. Nxb6 axb6 16. Re2 Rf8 17. Rae1 f6 18. Bf4 Rf7 19. Nh5 Ng6 20. Bg3 Na5 21. Nf4 Nf8 (21... Nxf4 $14 22. Bxf4 Nc4) 22. b3 {White is more active.} Nc6 23. a4 b5 (23... Rd8 $14) 24. axb5 $16 Nb4 25. Qc3 Qxb5 26. Qc5 (26. h4 $16) 26... Qxc5 $11 27. dxc5 d4 28. Rd1 Rd7 29. Be1 Nc6 {[%cal Bb4c6,Bc6d8,Bd8e6][%mdl 32]} 30. b4 Kf7 31. Nd3 Ne6 32. b5 Ncd8 33. Bb4 Rd5 (33... Ra4 $5 {[%cal Re6f4]}) 34. Nf2 (34. f4 $11 {remains equal.}) 34... Nf4 $17 35. Re4 Nde6 36. g3 {[#]} Ng6 (36... Ra4 $1 $17 {...f5 is the strong threat.} 37. Rb1 (37. gxf4 Rxb4 38. c3 Rb3 $17) 37... Ng6) 37. f4 $1 $36 {[%cal Bf3f4,Bf4f5][%mdl 2080] White fights for an advantage.} Rad8 38. Nd3 h5 39. Rf1 Ngf8 40. f5 Ng5 41. Re2 {And now h4 would win.} Re8 $2 (41... Kg8 $1 $14) 42. Rxe8 $18 Kxe8 {[#]} 43. h4 $1 Ngh7 44. Re1+ Kf7 45. Re4 $2 (45. Ra1 $18 c6 46. Ra7) 45... Rxf5 ({Better is} 45... c6 $14) 46. Rxd4 $16 g5 $2 (46... Ne6 $16 47. Rd7+ Ke8) 47. Rd8 {Strongly threatening Rb8.} Ne6 48. Rd7+ Kg6 {[#]} 49. b6 $1 cxb6 50. cxb6 gxh4 51. gxh4 Nf4 (51... Nhf8 $142 52. Rxb7 Nd8) 52. Rxb7 (52. Nxf4+ $142 Rxf4 53. c3) 52... Nxd3 $18 53. cxd3 {[%mdl 4096] Endgame KRB-KRN} Rb5 54. Bd6 {Threatens to win with Rb8.} f5 55. Rb8 Nf6 56. b7 {Hoping for d4.} Rb1+ $2 (56... f4 57. Kf2 Kf5) 57. Kg2 Rb2+ 58. Kf3 {Threatening mate with Be5.} Rb3 59. Be5 {White wants to mate with Bxf6.} Nd7 60. Rg8+ Kf7 61. b8=Q Nxb8 62. Rxb8 Rxd3+ 63. Kf4 Rh3 64. Kg5 {Weighted Error Value: White=0.31/Black=0.50} (64. Kxf5 $142 Rf3+ 65. Bf4) 1-0

[Event "19th Delhi GM Open 2022"]
[Site "Delhi"]
[Date "2022.03.23"]
[Round "2.7"]
[White "Lalith Babu M R"]
[Black "Sai Agni Jeevitesh, J."]
[Result "1-0"]
[WhiteElo "2563"]
[BlackElo "2316"]
[Annotator "TA"]
[PlyCount "53"]
[EventDate "2022.03.22"]
[EventType "swiss"]
[EventCountry "IND"]
[SourceTitle "playchess.com"]
[Source "ChessBase"]
[SourceQuality "1"]

{[%evp 12,53,17,14,28,16,35,20,30,17,18,25,42,40,39,41,39,34,45,37,39,0,7,-19,37,35,98,51,194,197,300,287,300,298,297,278,282,222,221,227,527,506,1134,1097]} 1. d4 d5 2. c4 c6 3. Nf3 Nf6 4. Qb3 dxc4 5. Qxc4 Bf5 6. g3 e6 7. Bg2 h6 {D23: Queen's Gambit Accepted: 3 Nf3 Nf6 sidelines.} 8. Nc3 Be7 9. Ne5 $5 {[%mdl 4] Exploring less charted territory.} Nbd7 {The position is equal.} 10. Nxd7 Qxd7 11. O-O O-O 12. e4 Bh7 13. Rd1 {[#]} Rfd8 $146 ({Predecessor:} 13... b5 14. Qe2 b4 15. Na4 Rad8 16. Bf4 g5 17. Be5 Ne8 18. Nc5 Qc8 19. Bh3 Ng7 {1-0 (58) Raetsky,A (2381)-Hakobyan,E (2164) Abu Dhabi 2017}) 14. Bf4 b5 15. Qe2 Qb7 16. h4 {[%cal Od4d5]} Rac8 17. Rac1 {[%cal Od4d5]} a6 (17... b4 $11 18. Nb1 Bg6) 18. a3 $14 Rd7 ({Better is} 18... Qb6 $14) 19. g4 (19. d5 $16) 19... Qb6 {This move loses the game for Black.} (19... Ne8 $14) 20. d5 $18 {g5 is the strong threat.} exd5 (20... c5 $142 21. g5 hxg5 22. hxg5 Ne8) 21. g5 (21. exd5 b4 $18) 21... hxg5 22. hxg5 Ne8 23. Bh3 ({But not} 23. exd5 c5 24. Bh3 Qb7 25. Bxd7 Qxd7) 23... Qd8 24. Qg4 Rcc7 25. exd5 Bd6 {[#]} (25... Rd6 26. dxc6 Rcxc6) 26. dxc6 Re7 (26... Bxf4 $142 27. cxd7 Bxc1 28. dxe8=Q+ Qxe8 29. Rxc1 Rc4) 27. Nd5 {[%csl LRc7,LRe7] Weighted Error Value: White=0.10 (very precise) /Black=0.49} 1-0

[Event "19th Delhi GM Open 2022"]
[Site "Delhi"]
[Date "2022.03.23"]
[Round "2.8"]
[White "Ratnakaran, K.."]
[Black "Visakh N R"]
[Result "0-1"]
[WhiteElo "2316"]
[BlackElo "2522"]
[Annotator "TA"]
[PlyCount "78"]
[EventDate "2022.03.22"]
[EventType "swiss"]
[EventCountry "IND"]
[SourceTitle "playchess.com"]
[Source "ChessBase"]
[SourceQuality "1"]

{[%evp 18,78,-40,-45,-36,-35,-45,-47,-37,-96,-87,-161,-68,-204,-216,-208,-200,-219,-105,-117,-110,-147,-72,-65,-69,-70,-64,-66,-44,-53,-14,-252,-262,-255,-247,-312,-319,-350,-344,-350,-350,-453,-446,-446,-439,-650,-650,-756,-756,-754,-743,-727,-677,-794,-793,-781,-743,-703,-670,-666,-647,-5131,-5010]} 1. e4 c5 2. Nf3 d6 3. c3 Nf6 4. Be2 g6 5. O-O Bg7 6. Re1 O-O 7. Bf1 Nc6 8. h3 e5 9. d4 cxd4 10. cxd4 exd4 {B50: Sicilian: 2...d6, Miscellaneous.} 11. Nxd4 Nxd4 12. Qxd4 Re8 $1 {[%cal Of6e4] Hoping for ...Nxe4! Black is slightly better.} 13. Qa4 (13. Bg5 $15) 13... Bd7 $17 {[#]} 14. Qb4 $146 (14. Qc2 $17) ({Predecessor:} 14. Bb5 Bxb5 15. Qxb5 Nxe4 16. Qxb7 Qh4 17. Re2 Nxf2 18. Nc3 Bd4 19. Kf1 Nh1 20. Ne4 Rxe4 21. Qxa8+ Kg7 22. Bh6+ Kxh6 {0-1 (22) Lucky,D (2335)-Matikozian,A (2496) Santa Monica 2005}) 14... Bc6 (14... a5 $1 $19 {[%cal Ra5b4]} 15. Qxb7 Rb8) 15. f3 (15. Bg5 $15) 15... a5 $19 16. Qd2 d5 $1 {[%cal Rd5e4]} 17. e5 {[#]} Nd7 (17... Nh5 $1 $19 {is more deadly.} 18. Qd4 Qc7) 18. f4 $17 f6 {[%cal Rf6e5]} 19. Nc3 Qb6+ ({Black should play} 19... fxe5 {White must now prevent ...Qb6+.} 20. Nxd5 Kh8) 20. Kh1 d4 $36 {[%mdl 2048] Black has the initiative.} (20... Qb4 {is interesting.} 21. Qd1 d4 22. Nb5 fxe5 23. Bd2 Qf8) 21. Ne4 Bxe4 (21... Bd5 {with more complications.} 22. Nxf6+ Nxf6 23. exf6 Bxf6 24. b3 Rxe1 25. Qxe1 a4) 22. Rxe4 fxe5 23. fxe5 Nxe5 ({Don't take} 23... Bxe5 24. Bc4+ Kg7 25. Rh4 $14) 24. Qxd4 $2 {White is now going downhill.} (24. Qe1 $11) 24... Qxd4 $19 25. Rxd4 {[#]} Nd3 {[%mdl 512]} 26. Rxd3 (26. Be3 Nb4) 26... Re1 27. Rf3 Rf8 ({Weaker is} 27... Rc8 28. Kh2 $11) 28. Rxf8+ Bxf8 29. Be3 Rxa1 {[%mdl 4096] Endgame KRB-KB. Black is clearly winning.} 30. Kg1 b5 31. a3 (31. b3 $142 Bg7 32. Kf2) 31... Bg7 32. Kf2 Bxb2 33. Bxb5 Rxa3 34. Ke2 a4 {[%cal Ba5a4,Ba4a3][%mdl 32]} 35. Bc5 Ra1 36. Kd3 a3 37. Be3 a2 38. Bc4+ Kg7 {( -> ...Rd1+)} 39. Kc2 {Inhibits Rd1.} Bf6 {Weighted Error Value: White=0.81/Black=0.14 (very precise)} 0-1

[Event "19th Delhi GM Open 2022"]
[Site "Delhi"]
[Date "2022.03.23"]
[Round "2.9"]
[White "Deepan Chakkravarthy J."]
[Black "Rohith Krishna S"]
[Result "1/2-1/2"]
[WhiteElo "2520"]
[BlackElo "2304"]
[Annotator "TA"]
[PlyCount "105"]
[EventDate "2022.03.22"]
[EventType "swiss"]
[EventCountry "IND"]
[SourceTitle "playchess.com"]
[Source "ChessBase"]
[SourceQuality "1"]

{[%evp 10,105,21,0,0,0,0,3,26,-7,0,8,11,2,20,25,29,26,46,37,33,33,30,29,14,-12,-15,-8,57,39,49,16,54,70,146,147,152,154,146,107,85,113,119,106,117,110,87,89,265,0,0,0,0,0,0,0,0,0,0,0,0,0,0,0,10,0,39,0,27,0,0,0,0,0,0,0,0,0,0,0,0,0,0,0,0,0,0,0,0,0,0,0,0,0,0,0,0,0]} 1. e4 e5 2. Nf3 Nc6 3. Bb5 {[%cal Bf1b5,Bb5a4,Ba4b3][%mdl 32]} a6 4. Ba4 Nf6 5. d3 d6 6. O-O b5 {C79: Ruy Lopez: Steinitz-type lines with 3...a6 4 Ba4 Nf6 5 0-0 d6.} 7. Bb3 Na5 $1 {7...Na5 scores better than 7...Be7.} 8. Re1 Bb7 9. Nc3 Be7 10. Bd5 {[#]} Nxd5 $146 ({Predecessor:} 10... c6 11. Bxf7+ Kxf7 12. b4 c5 13. bxa5 Qxa5 14. Ne2 Rhe8 15. Ng3 Kg8 16. Nf5 Qc7 {½-½ (34) Cornel,M (2384)-Clement,G (2488) LSS email 2013}) 11. Nxd5 O-O 12. b4 Nc6 13. a4 Nb8 14. c4 Nd7 15. cxb5 axb5 16. a5 c5 17. Bd2 Bxd5 18. exd5 Ra6 ({Better is} 18... Bf6 $11) 19. Qb3 $14 Qb8 20. Rab1 Rc8 21. Rec1 f6 (21... Bd8 $14) 22. bxc5 $16 {White is more active.} Rxc5 23. Rxc5 Nxc5 24. Qxb5 Qxb5 25. Rxb5 Nxd3 26. Kf1 Kf7 27. Ke2 $1 Nc5 {[%cal Bd3c5,Bc5a6,Ba6c7,Bc7d5,Bd5f4,Bf4e6,Be6d4][%mdl 32]} 28. Bb4 {Threatens to win with Bxc5.} Ra7 $2 (28... Nd7 $16) 29. Nd2 $2 (29. Bxc5 $18 dxc5 30. Nd2) 29... Na6 $1 $11 30. Nc4 Nc7 31. Rb8 Nxd5 32. Bxd6 Bxd6 33. Nxd6+ {[%mdl 4096] Endgame KRN-KRN} Ke6 34. Nc4 Nf4+ 35. Kd2 Kd5 36. Kc3 Rc7 {[#]} 37. Kb3 Ne6 (37... Rxc4 $2 38. Rd8+ Kc5 39. Rc8+ Kb5 40. Rxc4 $18) (37... Nxg2 $5 {[%cal Rg2f4]} 38. Na3 Kc6 $11) (37... Nxg2 38. Na3) 38. Nb6+ Ke4 39. Na4 Nd4+ {The position is equal.} 40. Kb2 $1 Kd3 41. a6 Ke2 42. f3 Kf2 43. Rb7 Rxb7+ 44. axb7 {KN-KN} Nc6 45. Nc3 Kxg2 46. Ka3 Kxf3 47. Ka4 e4 48. Kb5 Nb8 49. Kb6 e3 50. Kc7 Na6+ (50... e2 $2 51. Nxe2 $1 {[%mdl 512]} Na6+ 52. Kb6 $18) 51. Kb6 Nb8 (51... e2 $2 52. Nxe2 $1 {[%mdl 512]} (52. Kxa6 e1=Q $11) 52... Nb8 53. Nd4+ Ke4 54. Kc5 $18) 52. Kc7 Na6+ (52... e2 $2 {[#]} 53. Nxe2 $1 {[%mdl 512]} Na6+ 54. Kb6 $18) 53. Kb6 {Black defended with fortune.  Weighted Error Value: White=0.10 (very precise) /Black=0.16 (very precise)} 1/2-1/2

[Event "19th Delhi GM Open 2022"]
[Site "Delhi"]
[Date "2022.03.23"]
[Round "2.10"]
[White "Dhananjay S"]
[Black "Iniyan, P."]
[Result "0-1"]
[WhiteElo "2310"]
[BlackElo "2516"]
[Annotator "TA"]
[PlyCount "84"]
[EventDate "2022.03.22"]
[EventType "swiss"]
[EventCountry "IND"]
[SourceTitle "playchess.com"]
[Source "ChessBase"]
[SourceQuality "1"]

{[%evp 19,83,-17,-17,-19,-16,-20,-5,-19,-7,-37,-20,-26,-26,-91,-92,-93,-91,-93,-98,-164,-164,-184,-192,-189,-190,-203,-193,-202,-197,-204,-177,-187,-189,-211,-166,-177,-150,-259,-266,-260,-235,-299,-329,-333,-312,-315,-333,-330,-325,-323,-317,-457,-454,-454,-466,-454,-454,-29976,-29977,-29993,-29994,-29994,-29995,-29998,-29999,-29999]} 1. d4 Nf6 2. c4 e6 3. Nf3 b6 4. g3 Ba6 5. b3 Bb4+ 6. Bd2 Be7 7. Bg2 O-O 8. Nc3 c6 9. O-O d5 10. cxd5 cxd5 11. Qb1 {E15: Queen's Indian: 4 g3 sidelines, 4 g3 Ba6 and 4 g3 Bb7 early deviations.} Nc6 {[%cal Bb8c6,Bc6a5,Ba5c4,Bc4d2][%mdl 32]} 12. a3 Na5 13. Rc1 {The position is equal.} Rc8 {[#]} 14. Ne1 $146 ({Predecessor:} 14. Qb2 h6 15. Ne1 Bd6 16. Nc2 Nc6 17. Be1 Re8 18. Rd1 Bb8 19. Rac1 e5 20. dxe5 Bxe5 {0-1 (39) Stern,R (2370)-Hellers,F (2550) Bad Woerishofen 1991}) 14... Bd6 15. Nc2 Qe7 16. Qb2 {[#]} (16. Nb4 $11 Bb7 17. e3) 16... Bc4 $1 $17 17. bxc4 Nxc4 18. Qa2 {Hoping for Bg5.} Nxd2 {Black is more active.} 19. Nb4 (19. Ne3 $17 {keeps fighting.} Nc4 20. Nxc4 Rxc4 21. Nb5) 19... Nc4 $19 {[%cal Oc4a3]} 20. e4 a5 $1 21. Nc2 {[%cal Re4d5]} Nd2 {[%csl LRc3,LRe4]} 22. Qb2 dxe4 23. Ne3 Nf3+ 24. Bxf3 exf3 25. Nb5 Bb8 26. Nc4 Qb7 27. a4 Rfd8 28. Qb3 (28. Qa3 $17) 28... Qd5 29. Qd3 e5 $1 {[%cal Be6e5,Be5e4][%mdl 32] Threatens to win with ...e4.} 30. Nxb6 Rxc1+ 31. Rxc1 Qe6 {aiming for ...e4.} 32. Nc4 {[#]} e4 33. Qf1 h5 {[%cal Oh5h4]} 34. Ne3 h4 35. Qc4 (35. Rc5 $142 g6 36. d5) 35... Qd7 36. Qc5 hxg3 37. hxg3 {[#]} Ng4 $1 {Strongly threatening ...Nxe3.} 38. Nxg4 (38. Qg5 $19 Nxe3 39. fxe3) 38... Qxg4 {Black mates.} 39. Qe7 {[#]} Bxg3 $1 {[%mdl 512]} 40. Qxd8+ (40. Qxf7+ Kxf7) 40... Kh7 41. Qc8 {[#]} Bh2+ $1 {[%mdl 512]} 42. Kf1 (42. Kh1 Qg2#) 42... Qg1# {White did not feel at home in the position after the opening.  Weighted Error Value: White=0.39/Black=0.03 (flawless)} 0-1

[Event "19th Delhi GM Open 2022"]
[Site "Delhi"]
[Date "2022.03.23"]
[Round "2.11"]
[White "Mosadeghpour, Masoud"]
[Black "Palit, Somak"]
[Result "1-0"]
[WhiteElo "2511"]
[BlackElo "2300"]
[Annotator "TA"]
[PlyCount "89"]
[EventDate "2022.03.22"]
[EventType "swiss"]
[EventCountry "IND"]
[SourceTitle "playchess.com"]
[Source "ChessBase"]
[SourceQuality "1"]

{[%evp 9,89,30,203,38,1143,-27,48,43,40,22,27,28,25,24,47,-14,20,3,36,28,29,28,35,20,58,32,38,40,37,14,20,25,30,33,29,29,29,22,37,37,52,42,59,63,70,59,99,87,118,109,328,327,311,289,279,272,257,253,358,230,295,273,268,268,261,216,216,214,219,216,495,512,636,641,1021,1010,968,990,968,893,847,800]} 1. e4 g6 2. d4 Bg7 3. Nc3 d5 4. Nxd5 c6 5. Ne3 Qd6 $2 {[#]} (5... Qxd4 $11 {and Black is okay.} 6. Qxd4 Bxd4) 6. d5 $2 {B06: Modern Defence.} (6. c3 $18) 6... Qxd5 $2 {[%mdl 8192]} 7. Qd3 $2 (7. exd5 $18 Nf6 8. d6) 7... Qd4 ({Black should try} 7... Qxd3 $11 8. Bxd3 Nd7) 8. Qxd4 $14 {White is slightly better.} Bxd4 9. Nf3 {[%cal Bg1f3,Bf3g5,Bg5e4][%mdl 32]} Bg7 10. e5 Nd7 {[%cal Bb8d7,Bd7b6,Bb6d5][%mdl 32] [#]} 11. Nc4 $146 ({Predecessor:} 11. e6 fxe6 12. c3 Ngf6 13. Bc4 Nb6 14. Bb3 a5 15. Nd4 Nbd5 16. Bd2 Ne4 17. Nf3 O-O 18. Bc2 Nxd2 19. Kxd2 {0-1 (78) Wong,Y (2381)-Lin,D (2292) Chess.com INT 2022}) 11... Nb6 12. Be3 (12. Na5 $14) 12... Nd5 13. Bd2 Bh6 14. Ng5 f6 15. exf6 exf6 16. Ne4 Bxd2+ 17. Kxd2 Nh6 18. Ncd6+ {[%cal Bc4d6,Bd6e4,Be4c3,Bc3b5,Bb5d4][%mdl 32]} Ke7 19. c4 f5 20. cxd5 fxe4 21. Nxe4 cxd5 22. Nc3 Be6 23. Bd3 Rhd8 24. Rhe1 Kf6 25. Nb5 {[#] Nc7 is the strong threat.} Rd7 {Prevents Nc7.} 26. Rac1 {[%cal Oe1e6]} Bf7 27. Nd4 a6 {Inhibits Bb5. White now steadily converts the win.} 28. h3 $36 {[%mdl 2048] Keeping Black busy. White is much more active.} Re8 29. g4 {[%cal Bg2g4,Bg4g5][%mdl 32]} Rde7 $2 (29... Rxe1 $16 30. Rxe1 Kg5) 30. f4 $18 Kg7 31. Rxe7 Rxe7 32. g5 Ng8 33. f5 Re5 (33... Rd7 {might work better.} 34. f6+ Nxf6) 34. Nf3 Re8 35. f6+ Nxf6 36. gxf6+ Kxf6 37. Rc7 Re7 38. Rxe7 Kxe7 39. a4 {[%cal Ba2a4,Ba4a5][%mdl 32]} Kd6 $2 (39... a5 {was necessary.} 40. Kc3 Kf6) 40. a5 {White is clearly winning.} h6 41. h4 Kc5 42. Kc3 Be8 43. b4+ Kd6 44. Kd4 Ke6 45. Bc2 {Weighted Error Value: White=0.37/Black=0.53} 1-0